00377cam a22001097a 4500008004000000100001900040245006500059260004100124300000900165999001900174952007400193180718b1995 xxu||||| |||| 00| 0 eng d aBrahmverchasva aVigyan aur adyatma parasper poorakcedited by Brahmverchasva aMayhurabAkhand Jyoti Sansthanc1995 aV.P. c440444d440444 00104070aIIPAbIIPAd2010-05-11p71704r2018-07-21w2018-07-21yBK